Trouvez les marques - B - Statistiques

Statistiques générales
  • Ce quiz a été pris 116 fois
  • Le résultat moyen est 18 sur 30
Statistiques - réponses
Par images Hint Réponse % Correct
Papeterie / Rasage Bic
99%
Discount B&M
98%
Alimentaire BN
96%
Restauration Burger King
96%
Automobile BMW
94%
Alimentaire Bonne Maman
91%
Informatique Boulanger
88%
Alimentaire Babybel
85%
Restauration Buffalo Grill
82%
Téléphonie Bouygues Telecom
73%
Banque BNP Paribas
71%
Alimentaire Ben & Jerry's
66%
Agroalimentaire Bonduelle
65%
Alimentaire Badoit
64%
Bricolage Brico Depôt
64%
Alimentaire Barilla
62%
Alimentaire Boursin
60%
Banque Banque Populaire
59%
Automobile Bugatti
57%
Énergie BP
48%
Outils Electrique Bosch
47%
Alimentaire Bridélice
42%
Aéronautique Boeing
39%
Alimentaire Béghin Say
37%
Banque Boursobank
33%
Hôtellerie B&B Hotels
24%
Banque BforBank
23%
Médicaments Génériques Biogaran
20%
Alimentaire Bigard
15%
Alimentaire Belin
12%
Aucun quiz correspondant
Distribution des résultats
% des personnes avec chaque résultat
Percentile par nombre de réponses
Votre historique - résultats
Vous n’avez pas pris ce quiz